000 00429nam a2200181Ia 4500
008 210210b1960 xxu||||| |||| 00| 0 eng d
041 _aeng
082 _a538/61
100 _aWEATHERBURN (C E)
245 _aAdvanced vector analysis
260 _aLondon
_bG Bell & Sons Ltd.
_c1960
300 _a222
650 _avector
650 _aanalysis
650 _aAdvanced
690 _aMathematical Physics
906 _a009009
999 _c127757
_d127757